Elementary surveying (Record no. 109027)

MARC details
000 -LEADER
fixed length control field 02296cam a22002775a 4500
001 - CONTROL NUMBER
control field L146046
008 - FIXED-LENGTH DATA ELEMENTS--GENERAL INFORMATION
fixed length control field 081204s2008 xxkabdof h 001 0 eng d
020 ## - INTERNATIONAL STANDARD BOOK NUMBER
International Standard Book Number 9780132083072
035 ## - SYSTEM CONTROL NUMBER
System control number (Sirsi) u146046
041 0# - LANGUAGE CODE
Language code of text/sound track or separate title eng
050 04 - LIBRARY OF CONGRESS CALL NUMBER
Classification number 526.9 $2 18
100 1# - MAIN ENTRY--PERSONAL NAME
Personal name Ghilani, Charles D.
245 00 - TITLE STATEMENT
Title Elementary surveying
Remainder of title an introduction to geomatics
250 ## - EDITION STATEMENT
Edition statement 12th ed.
260 ## - PUBLICATION, DISTRIBUTION, ETC.
Place of publication, distribution, etc. London
Name of publisher, distributor, etc. Pearson Education Limited
Date of publication, distribution, etc. 2008
300 ## - PHYSICAL DESCRIPTION
Extent xxvi, 931p.
Other physical details ill.
Dimensions 23cm.
350 ## - PRICE (NR) (BK AM CF MU VM SE) [OBSOLETE]
Price 41.99
505 2# - FORMATTED CONTENTS NOTE
Formatted contents note Introduction -- Units, significant figures and field notes: units and significant figures; field notes -- Theory of errors in observations -- Leveling, theory, methods and equipment: leveling, theory and methods; equipment for differential leveling -- Leveling, field procedures and computations -- Distance measurement: methods for measuring distances; distance measurements by taping; electronic distance measurement -- Total station instruments, angle measurements: total station instruments; angle measurements -- Traversing -- Coordinate geometry in surveying calculations -- Area -- The global positioning system, introduction and principles of operation -- The global positioning system, static surveys -- The global positioning system, kinematic GPS -- Adjustments by least square metres -- Mapping surveys -- Mapping -- Control surveys and geodetic reductions -- State plane coordinates -- Boundary surveys -- Surveys of the public lands -- Construction surveys -- Horizontal curves -- Vertical curves -- Volumes -- Photogrammetry -- Introduction to geographic information systems -- Appendices: dumpy levels, transits, and theodolites; example noteforms; astronomical observations; introduction to matrices; U.S. State Plane Coordinate System defining parameters; answers to selected problems
520 ## - SUMMARY, ETC.
Summary, etc. Text book introduces the basic concepts of geomatics surveying practice and provides examples and case studies for core areas. Also includes a selection of figures and illustrations to help clarify points. Includes tables, equations and a guide to the associated terminology.
521 ## - TARGET AUDIENCE NOTE
Target audience note Advanced
590 ## - LOCAL NOTE (RLIN)
Local note KA
651 #4 - SUBJECT ADDED ENTRY--GEOGRAPHIC NAME
Geographic name International
690 ## - LOCAL SUBJECT ADDED ENTRY--TOPICAL TERM (OCLC, RLIN)
Topical term or geographic name as entry element ENVIRONMENTAL AND LAND CONSULTANCY-GEOMATICS-LAND SURVEYING
700 1# - ADDED ENTRY--PERSONAL NAME
Personal name Wolf, Paul R.
942 ## - ADDED ENTRY ELEMENTS (KOHA)
Suppress in OPAC 0
Holdings
Withdrawn status Lost status Source of classification or shelving scheme Damaged status Not for loan Home library Current library Shelving location Date acquired Cost, normal purchase price Total Checkouts Full call number Barcode Date last seen Copy number Cost, replacement price Price effective from Koha item type
    Dewey Decimal Classification     London London Books 08/12/2008 29.89   526.9 GHI 30076415 06/08/2019 1 29.89 06/08/2019 Book